Centro histórico de la Ciudad de México : inventario arquitectónico e histórico /
Obra que presenta los inmuebles registrados en el Decreto Presidencial que delimita el Centro Histórico de la Ciudad de México (Diario Oficial del 11 de abril de 1980), organizados en una ficha informativa que contiene: dirección de la construcción, nomenclatura y plano catastral (región y manzana),...
Kaydedildi:
| Müşterek Yazar: | |
|---|---|
| Diğer Yazarlar: | , |
| Materyal Türü: | Kitap |
| Dil: | İspanyolca |
| Baskı/Yayın Bilgisi: |
México :
Gobierno del Distrito Federal, Delegación Cuauhtémoc,
1982, c1982
|
| Konular: | |
| Etiketler: |
Etiket eklenmemiş, İlk siz ekleyin!
|
MARC
| LEADER | 00000nam^a2200000^a^4500 | ||
|---|---|---|---|
| 001 | 000184941 | ||
| 005 | 20250526000000.0 | ||
| 009 | 20260310102133.904 | ||
| 037 | |a Acervo ITESO - Biblioteca | ||
| 041 | |a ESP | ||
| 082 | |a 720. 972532 |b CON V. 1 | ||
| 110 | |a Consejo del Centro Histórico de la Ciudad de México | ||
| 245 | 1 | 0 | |a Centro histórico de la Ciudad de México : |b inventario arquitectónico e histórico / |c Consejo del Centro Histórico de la Ciudad de México ; presen. de Alfredo Stamatio López ; investigación de J.M. Mijares y Mijares ; fotografía de R.M. Rivera Lucía. |
| 264 | 4 | |a México : |b Gobierno del Distrito Federal, Delegación Cuauhtémoc, |c 1982, c1982 | |
| 300 | |a XXVII, 475 p. ; |c 23.0 cm. | ||
| 336 | |a texto |b txt |2 rdacontenido | ||
| 337 | |a sin mediación |b n |2 rdamedio | ||
| 338 | |a volumen |b nc |2 rdasoporte | ||
| 520 | |a Obra que presenta los inmuebles registrados en el Decreto Presidencial que delimita el Centro Histórico de la Ciudad de México (Diario Oficial del 11 de abril de 1980), organizados en una ficha informativa que contiene: dirección de la construcción, nomenclatura y plano catastral (región y manzana), descripción arquitectónica e historia del edificio (en los casos necesarios). | ||
| 649 | |a XX | ||
| 650 | |a Arquitectura - |z México (Ciudad) - |x Catálogos - |x Tema Principal | ||
| 650 | |a Arquitectura Mexicana - |x Catálogos | ||
| 650 | |a Arquitectura Mexicana - |x Historia y Crítica | ||
| 650 | |a Patrimonio Histórico - |z México (Ciudad) | ||
| 650 | |a Patrimonio Histórico - |z México | ||
| 650 | |a Patrimonio Artístico - |z México (Ciudad) | ||
| 650 | |a Patrimonio Artístico - |z México | ||
| 650 | |a Desarrollo Urbano - |z México (Ciudad) - |x Historia | ||
| 650 | |a Desarrollo Urbano - |z México - |x Historia | ||
| 650 | |a México (Ciudad) - |x Historia | ||
| 650 | |a México - |x Historia | ||
| 650 | |a México (Ciudad) - |x Descripción | ||
| 650 | |a México - |x Descripción | ||
| 700 | |a Mijares y Mijares, José Manuel |e (investigación) | ||
| 700 | |a Rivera Lucía, Ricardo Manuel |e (fotógrafo) | ||
| 910 | |a Fondo Julio de la Peña Lomelín | ||
| 920 | |a Impresos - Libros | ||
| 930 | |a Libros Antiguos y Raros | ||
| 940 | |a Arquitectos Jaliscienses | ||
| 905 | |a 108 | ||
| 901 | |a 0500125810 |b IT2 |c LRA |u 20250526 | ||
| 902 | |a https://opac.biblio.iteso.mx/vufind/Record/000184941 | ||